000 01583nam a22004097a 4500
001 220
003 FISKH
005 20231103104718.0
008 230307b cb ||||| |||| 00| 0 eng d
020 _a9780439263184
040 _aDLC
_cDLC
_dDLC
_dFISKH
_beng
050 0 0 _aF436.C95
_bS85 2001
082 0 0 _a976.8/04/092
_aB
_221
100 1 _aSullivan, George
_d1927-
245 1 0 _aDavy Crockett /
_cGeorge Sullivan.
260 _aNew York :
_bScholastic
_c2001.
300 _a128 pages :
_billustrator ;
_c20 cm.
490 1 _aIn their own words
504 _aIncludes bibliographical references (p. 121-123) and index.
520 _aA biography of the famous frontiersman who became a Congressman.
521 8 _a760
_bLexile
521 8 _aM
_bRaz-Plus
600 1 0 _aCrockett, Davy,
_d1786-1836
_vJuvenile literature.
600 1 1 _aCrockett, Davy,
_d1786-1836.
610 1 0 _aUnited States.
_bCongress.
_bHouse
_vBiography
_vJuvenile literature.
650 0 _aPioneers
_zTennessee
_vBiography
_vJuvenile literature.
650 0 _aFrontier and pioneer life
_zTennessee
_vJuvenile literature.
650 0 _aLegislators
_zUnited States
_vBiography
_vJuvenile literature.
650 1 _aPioneers.
650 1 _aLegislators.
651 0 _aTennessee
_vBiography
_vJuvenile literature.
651 0 _aAlamo (San Antonio, Tex.)
_xSiege, 1836
_vJuvenile literature.
830 0 _aIn their own words (Scholastic)
856 4 2 _3Publisher description
_uhttp://www.loc.gov/catdir/description/schol051/00067032.html
906 _a7
_bcbc
_corignew
_d1
_eocip
_f20
_gy-gencatlg
942 _2ddc
_cBK
_n0
999 _c220
_d220